000 00828nam a22002657a 4500
008 131129b xxu||||| |||| 00| 0 ger d
020 _a3854282583
041 0 _ager
080 _a346.7
_x(437)
100 1 _aDedić, Jan
245 1 0 _aTschechisches und slowakisches wirtschaftsrecht :
_cJan Dedić, Christian Baumgartner
260 _aWien :
_bService fachverlag ;
_c1994.
300 _a233 f. :
_c21 cm.
490 _aSchriftenreihe des FOWI
_vBand 5
500 _aVorwort : f. 5 - 6
505 _aLiteraturverzeichnis : f. 233
650 0 _aE drejta e ekonomise
_zCekia
650 0 _aE drejta e ekonomise
_zSllovakia
700 1 _aDedić, Jan
700 1 _aBaumgartner, Christian
700 1 _aDoralt, Peter
700 1 _aHaschek, Helmut H.
700 1 _aSchauer, Martin
942 _2udc
_cBK
999 _c375
_d375